| 000 | 01273nam a2200325 i 4500 | ||
|---|---|---|---|
| 003 | DO-SdBNP | ||
| 005 | 20250904113055.0 | ||
| 006 | a||||gr|||| 00| 0 | ||
| 007 | ta | ||
| 008 | 240207t2023 dr ac||| |||| 00| e spa d | ||
| 020 | _a9789945510324 | ||
| 040 |
_aDO-SdBNP _bspa _cBNPHU _erda |
||
| 082 | 4 |
_222 _bH519u |
|
| 100 | 1 |
_aHenríquez Ureña, Pedro, _d1884-1946 _eautor _91718 |
|
| 245 | 1 | 3 |
_aLa utopía de América: _bseis ensayos en busca de nuestra expresión / _cPedro Henríquez Ureña |
| 264 | 4 |
_aSanto Domingo : _bNacional, _c2023 |
|
| 300 |
_axi, 206 , [2] páginas : _c19 cm. |
||
| 336 |
_2rdacontent _atexto _btxt |
||
| 337 |
_2rdamedia _asin mediación _bn |
||
| 338 |
_2rdacarrier _avolumen _bnc |
||
| 490 | _aEnsayo | ||
| 500 | _aIncluye bibliografía y notas al pié de páganas. | ||
| 500 | _aIncluye datos biográficos del autor en las solapas de las cubiertas. | ||
| 504 | _aBibliografía, páginas VII - XI. | ||
| 505 |
_aBibliografía. _gLa Utopía de América.-- _tSeis ensayos en busca de nuestra expresión.-- _tI. Orientación.-- _tII. Figuras.-- _tDos Apuntes Argentinos.-- _tPanorama de la Otra América. |
||
| 590 | _aInventariado 2024 / MF | ||
| 830 |
_aBiblioteca Dominicana Básica; _n27 _943171 |
||
| 910 | _aMF | ||
| 942 |
_2ddc _cLBS1 |
||
| 999 |
_c55847 _d55847 |
||